Fairy Tail - Membres de la guilde Lamia Scale - Statistiques

Statistiques générales
  • Ce quiz a été pris 21 fois
  • Le résultat moyen est 5 sur 7
Statistiques - réponses
Par images Réponse % Correct
Leon
100%
Cherry
89%
Cherrya
89%
Toby
78%
Yûka
72%
Jera
67%
Ohba Baba
28%
Aucun quiz correspondant
Distribution des résultats
% des personnes avec chaque résultat
Percentile par nombre de réponses
Votre historique - résultats
Vous n’avez pas pris ce quiz